|
|
|
|
| LEADER |
00000nab a2200000 a 4500 |
| 001 |
vtls000448824 |
| 003 |
SK-MaSNL |
| 005 |
20260302235546.0 |
| 008 |
120926c1990 xo 0 slo |
| 015 |
|
|
|a SNBRA19rr/mm-uuuuu
|
| 035 |
|
|
|a CL0448955
|
| 040 |
|
|
|a SNKBUCL
|b slo
|c SNKBUCL
|e AACR2
|
| 041 |
0 |
|
|a slo
|
| 044 |
|
|
|a xo
|c SK
|
| 080 |
|
|
|a 681.3.06:681.518.5
|2 1981
|
| 080 |
|
|
|a 681.518.5
|2 1981
|
| 100 |
1 |
|
|a Floreková, Ľubica
|4 aut
|9 292156
|
| 245 |
1 |
0 |
|a Ponuka a využitie programových produktov pre počítače typu IBM-PC, orientovaných na technologickú diagnostiku procesov
|c Ľubica Floreková, Marta Benková, Mária Zeleňáková
|
| 300 |
|
|
|b Obr. 7., lit. 2 zázn. v slov.
|
| 650 |
0 |
7 |
|a diagnostika technologická
|2 snkbucl
|9 972435
|
| 650 |
0 |
7 |
|a osobné počítače
|2 snkbucl
|9 960
|
| 655 |
|
7 |
|a články zo zborníkov
|2 snkbucl
|9 166140
|
| 700 |
1 |
|
|a Benková, Marta,
|d 1961-
|4 aut
|9 201560
|
| 700 |
1 |
|
|a Zeleňáková, Mária
|4 aut
|9 293124
|
| 773 |
0 |
|
|t Aplikácia mikroelektroniky v riadení a automatizácii baníctva
|d Košice : Dom techniky ZSVTS, 1990
|g S. 29-37
|
| 850 |
|
|
|a Slovenská národná knižnica v Martine
|a MTA001
|
| 852 |
|
|
|a SNK
|b KIS3GCP
|
| 958 |
|
|
|a RK
|
| 992 |
|
|
|a RZB
|
| 999 |
|
|
|c 1555083
|d 1557013
|